000 00476nam a2200181Ia 4500
005 20250508150211.0
008 008 250505s9999 xx 000 0 eng d
037 _aTextual
040 _aFEDL
_beng
_cFEDL
041 _aeng
_2eng
084 _a371.3, BAR
_qFEDL
100 _aBarzun Jacques
245 0 _aWe who teach
260 _aLondon, UK
_bVictor Gollancz Limited
_c1946
300 _a248p.
942 _cTEXL
_h371.3, BAR
999 _c1322356
_d1322356